Punchline Rappeurs #5 - Statistiques

Statistiques générales
  • Ce quiz a été pris 524 fois
  • Le résultat moyen est 7 sur 15
Statistiques - réponses
Phrase Rappeur % Correct
Ballon de 30, on fait manger la jungle, j'avais les Air Max mais j'ai rangé, j'ai mis le Hermès avant le jingle Ninho
74%
J'me dis que la vie est courte, qu'on partira tous un jour, alors j'm'en tape de vos discours, derrière le bonheur moi je cours Jul
69%
1, 2, 3 soleil, mon gars, si tu bouges, tu vas finir menotté Naza
64%
Négro, j'ai plus de force que soixante siths, attaque des clones, c'est l'ordre soixante-six Freeze Corleone
62%
J'suis la légende sous sa photo (Instagram), j'sais qu'tu m'veux juste pour toi Zola
51%
J'suis un Top Boy, transfert à prix élevé comme Moisés Caicedo à London, j'suis dans la Ferrari F48 ou la R-R Phantom Tiakola
48%
J'accumule les pertes, les pertes, j'lui parlais un peu, mais le ciel est sévère ma gueule La Fève
45%
Bébé a le bras long comme Luffy, jsais pas si t'as la ref KeBlack
44%
Pétasse j'suis pas sur Snap, j'ai bossé toute la nuit, j'roule avec un joint qui tape Ziak
40%
J'tourne la poignée, j'froisse le temps, j'roule comme si quelqu'un m'attend Yamé
37%
Sur le terrain, c'est la Seleção, j'touche plus de ballons que Paquetá Beendo
36%
En colère comme Vegé', faut qu'j'fume la Piccolo, gros teh de veggie, j'ai substance écolo Gazo
32%
J'arrive tout en noir, une clope au bec et j'suis ganté, j'ai pas l'cardio d'Ngolo Kanté (non) mais j'cours comme lui si ils veulent rentrer Mig
32%
L'habit ne fait pas le moine, en Prada, le Diable est habillé 1Pliké140
27%
Beaucoup d'poids sur les épaules, dur à porter, mais ça va, j'me suis déjà sauvé du pays, faudrait qu'j'pense à moi Gaulois
17%
Aucun quiz correspondant
Distribution des résultats
% des personnes avec chaque résultat
Percentile par nombre de réponses
Votre historique - résultats
Vous n’avez pas pris ce quiz